CÁTALOGO MUNICIPAL







Sonqoykipi apakuway : welcome to the land of the incas = Sonqoykipi apakuway : (Registro nro. 11023)

Detalles MARC
000 -Cabecera (24)
Campo de control interno 01118nam a22002774a 4500
001 - Número de control
Campo de control BIBLIOTECA MUNICIPAL DE BARRANCO
007 - Tipo material - Descripcion fisica - info general
Tipo material ta
008 - Códigos de longitud fija (40p)
Campo de control de longitud fija t pe gr 00| 0 spa d
040 ## - Origen de la Catalogacion
Origen de la Catalogacion BIBLIOTECA MUNICIPAL DE BARRANCO
041 ## - Código de idioma (R)
Código de lengua del texto/banda sonora o título independiente (R) spa
043 ## - Pais ISO
País ISO pe
082 ## - Número de la Clasificación
Numero de edición 918.561
Número de documento/Ítem H96 2021.
100 ## - Autor Personal
Autor Personal Hurtado Casas, José L., 1983-
245 ## - Titulo
Titulo Sonqoykipi apakuway : welcome to the land of the incas = Sonqoykipi apakuway :
Subtitulo bienvenidos a la tierra de los incas /
Mencion del autor José L. Hurtado Casas ; [traducción, Lucrecia Lund de Vela].
260 ## - Pie de imprenta
Ciudad Cusco :
Editorial [s.n.],
Año 2021.
300 ## - Descripcion
Páginas 125 p.
Dimensiones 23 cm.
500 ## - Nota General
Nota General Texto en español e inglés.
546 ## - Nota de traduccion
Nota de traduccion Texto en español, quechua e inglés.
650 #0 - Temas - Descriptores
9 (RLIN) 8220
Temas - Descriptores Turismo-Perú-Cusco.
650 #0 - Temas - Descriptores
9 (RLIN) 8221
Temas - Descriptores Monumentos históricos-Perú-Cusco.
650 #0 - Temas - Descriptores
9 (RLIN) 125
Temas - Descriptores Monumentos arqueológicos -- Perú -- Cusco
651 #0 - Nombre geográfico (R)
9 (RLIN) 8222
Nombre geográfico (NR) Cusco (Perú : Departamento)-Descripciones y viajes.
651 #0 - Nombre geográfico (R)
9 (RLIN) 8223
Nombre geográfico (NR) Cusco (Perú : Departamento)-Historia.
700 ## - Autor Personal
9 (RLIN) 8224
Autor Personal Lund de Vela, Lucrecia, 1950-, traductor.
942 ## - Datos personalizados Koha
Tipo de Documento Libros
Fecha procesamiento 2025-11-17
Catalogador AAOH
Existencias
Fuente de Clasificacion Deterioro (estado) Ubicacion permanente Ubicacion actual Fecha de Ingreso a la Biblioteca Numero inventario Prestamos Signatura Topográfica Código de barras Ultima fecha de verificacion Tipo de Item Ubicación en edificio Precio dolares
Dewey Decimal Classification   Biblioteca Municipal Manuel Beingolea Biblioteca Municipal Manuel Beingolea 11/17/2025 007347   918.561 H96 2021 007347 11/17/2025 Libros Sala - Estantería abierta  

  

  GERENCIA DE CULTURA Y TURISMO

  Biblioteca Municipal de Barranco

  Auspiciado por la Municipalidad Distrial de Barranco

  Horario de atención: De lunes a sábado de 8:00 am a 5:00 pm.

  Correo electrónico: biblioteca@munibarranco.gob.pe

  Teléfono :203-6730, anexo 303


Ubicación